<?xml version="1.0" encoding="UTF-8"?>
<collection xmlns="http://www.loc.gov/MARC21/slim">
 <record>
  <leader>01644nam a22002537a 4500</leader>
  <controlfield tag="001">NCT_70173</controlfield>
  <controlfield tag="008">190918b        xxu||||| |||| 00| 0 vie d</controlfield>
  <datafield tag="999" ind1=" " ind2=" ">
   <subfield code="c">3408</subfield>
   <subfield code="d">3408</subfield>
  </datafield>
  <datafield tag="020" ind1=" " ind2=" ">
   <subfield code="c">90000</subfield>
  </datafield>
  <datafield tag="082" ind1="0" ind2="4">
   <subfield code="2">23rd ed.</subfield>
   <subfield code="a">891.85</subfield>
   <subfield code="b">S572</subfield>
  </datafield>
  <datafield tag="100" ind1="1" ind2=" ">
   <subfield code="a">Sienkiewicz, Henryk</subfield>
  </datafield>
  <datafield tag="245" ind1="1" ind2="0">
   <subfield code="a">Trên sa mạc và trong rừng thẳm</subfield>
   <subfield code="c">Henryk Sienkiewicz ; Nguyễn Hữu Dũng (dịch) ; Đức Lâm (minh họa)</subfield>
  </datafield>
  <datafield tag="250" ind1=" " ind2=" ">
   <subfield code="a">Tái bản</subfield>
  </datafield>
  <datafield tag="260" ind1=" " ind2=" ">
   <subfield code="a">H.</subfield>
   <subfield code="b">Văn học</subfield>
   <subfield code="c">2014</subfield>
  </datafield>
  <datafield tag="300" ind1=" " ind2=" ">
   <subfield code="a">501 tr.</subfield>
   <subfield code="c">21cm</subfield>
  </datafield>
  <datafield tag="500" ind1=" " ind2=" ">
   <subfield code="a">Dịch từ nguyên tác tiếng Ba Lan</subfield>
  </datafield>
  <datafield tag="520" ind1="3" ind2=" ">
   <subfield code="a">Câu chuyện kể về cuộc phiêu lưu trên vùng đất Đông Phi của cậu bé Stás mười bốn tuổi và cô bé Nel tám tuổi khi bị bắt cóc và đem từ kênh đào Suez qua sa mạc Sahara tới Sudan. Trải qua không biết bao nhiêu hiểm nguy, đối mặt với nhiều gian nan thử thách, khi thì trên sa mạc nắng cháy, lúc giữa rừng già thẳm sâu, cuối cùng, Stás và Nel cũng đoàn tụ được với gia đình.</subfield>
  </datafield>
  <datafield tag="653" ind1=" " ind2=" ">
   <subfield code="a">Sách tham khảo</subfield>
  </datafield>
  <datafield tag="700" ind1="1" ind2=" ">
   <subfield code="a">Nguyễn Hữu Dũng</subfield>
   <subfield code="e">Dịch</subfield>
  </datafield>
  <datafield tag="700" ind1="0" ind2=" ">
   <subfield code="a">Đức Lâm</subfield>
   <subfield code="e">Minh họa</subfield>
  </datafield>
  <datafield tag="942" ind1=" " ind2=" ">
   <subfield code="2">ddc</subfield>
   <subfield code="c">BK</subfield>
  </datafield>
  <datafield tag="952" ind1=" " ind2=" ">
   <subfield code="0">0</subfield>
   <subfield code="1">0</subfield>
   <subfield code="2">ddc</subfield>
   <subfield code="4">0</subfield>
   <subfield code="6">891_850000000000000_S572</subfield>
   <subfield code="7">0</subfield>
   <subfield code="9">17928</subfield>
   <subfield code="a">000001</subfield>
   <subfield code="b">000001</subfield>
   <subfield code="d">2019-09-18</subfield>
   <subfield code="o">891.85 S572</subfield>
   <subfield code="p">TK.00543</subfield>
   <subfield code="r">2019-09-18</subfield>
   <subfield code="v">90000.00</subfield>
   <subfield code="w">2019-09-18</subfield>
   <subfield code="y">BK</subfield>
  </datafield>
  <datafield tag="952" ind1=" " ind2=" ">
   <subfield code="0">0</subfield>
   <subfield code="1">0</subfield>
   <subfield code="2">ddc</subfield>
   <subfield code="4">0</subfield>
   <subfield code="6">891_850000000000000_S572</subfield>
   <subfield code="7">0</subfield>
   <subfield code="9">17929</subfield>
   <subfield code="a">000001</subfield>
   <subfield code="b">000001</subfield>
   <subfield code="d">2019-09-18</subfield>
   <subfield code="o">891.85 S572</subfield>
   <subfield code="p">TK.00544</subfield>
   <subfield code="r">2019-09-18</subfield>
   <subfield code="v">90000.00</subfield>
   <subfield code="w">2019-09-18</subfield>
   <subfield code="y">BK</subfield>
  </datafield>
  <datafield tag="980" ind1=" " ind2=" ">
   <subfield code="a">Thư viện Trường Đại học Nam Cần Thơ</subfield>
  </datafield>
 </record>
</collection>
